000
00306nam a22001337a 4500
008
170629b xxu||||| |||| 00| 0 eng d
020
_a
0394326199
041
_a
eng
080
_2
5TH
_a
82
100
_a
22
101
_a
GJL
245
_a
THE AMERICAN TRADITION IN LITERATURE
_c
BRADLEY,S
942
_2
udc
_c
BK
999
_c
19620
_d
19620